000 00670nam a2200181Ia 4500
003 GCL
008 140319s9999 xx 000 0 ara d
040 _aGCL /
_cGCL
082 0 4 _a341.249
_bم م
100 1 _aمحمد الحسينى مصيلحى
245 1 0 _aمنظمة الوحدة الافريقية من الناحيتين النظرية والتطبيقية: دراسة مقارنة /
_cمحمد الحسينى مصيلحى
300 _a845 ص
490 _aالهيئة العامة للاستعلامات
_v0
650 0 4 _aالقانون
650 0 4 _aالقانون الدولى
650 0 4 _aمنظمة الوحدة الافريقية
942 _2ddc
_cBK
999 _c49720
_d49720